{"text_format":"3","workbook":"xlsx","n_sheets":2,"sheets":["Sheet1","Sheet2"],"read":"whole","date_system":"1900"}

{"sheet":"Sheet1","index":0,"n_rows":54,"n_cols":11,"rows_kept":54,"merged":[[0,0,0,9],[1,0,1,9],[2,0,2,2],[2,6,2,9],[3,0,4,0],[3,1,4,1],[3,2,4,2],[3,3,4,3],[3,4,4,4],[3,5,4,5],[3,6,4,6],[3,7,3,8],[3,9,4,9],[53,0,53,5]]}
["厨房设备明细表"]
[]
["产权持有单位：珠海大横琴集团有限公司",{"$nulls":5},"金额单位：人民币元"]
["序号","设备编码","设备名称","设备规格特征描述","建成/购置时间","计量 单位","工程量","账面价值",null,"备注"]
[{"$nulls":7},"单价","总价"]
[1,"030206001001","不锈钢运水烟罩 ","1.面板采用1.5mm不锈钢板制作，侧板、前板和背板采用1.5 mm不锈钢板制作。2.尺寸规格：6100*1300*650","2017年","米",6.71,1350.01,{"$f":"ROUND(G6*H6,2)","v":{"v":9058.57,"d":"9,058.57"}},"闲置"]
[2,"030701010002","不锈钢运水烟罩 自动控制箱 ","1.采用SUS304#δ=1.2mm不锈钢板制作。2.尺寸规格：560*620*1650","2017年","台",1,7128.05,{"$f":"ROUND(G7*H7,2)","v":{"v":7128.05,"d":"7,128.05"}},"闲置"]
[3,"030206001002","不锈钢运水烟道 ","1.面板釆用1.5mm不锈钢板制作，侧板、前板和背板釆用1.0mm不锈钢板制作。2.尺寸规格：1800*1100*650","2017年","米",2.16,1435.51,{"v":3100.7,"d":"3,100.70"},"闲置"]
[4,"031006012001","三门海鲜蒸柜（加装蒸汽机）","1.采用δ=1.2mm不锈钢板制作框架，柜身、侧板及前板采用δ=1.0mm不锈钢板制作，炉架采用40*40角铁制作，水胆式，自动进水，黄伟牌120#高效节能炉头，日本KITZ气阀， 不锈钢可调节炉脚。2.尺寸规格： 1000*1000*1850","2017年","台",1,11682.09,{"v":11682.09,"d":"11,682.09"},"闲置"]
[5,"031006012002","单门蒸饭柜","1.豪华型,盆数：10盆，功率：12KW/380V,可供人数： 200^250人，双层不锈钢，聚胺脂发泡，自动入水。","2017年","台",1,3564.03,{"v":3564.03,"d":"3,564.03"},"闲置"]
[6,"011501009001","双通道打荷台","1.面板采用1.2mm不锈钢板制作，中间夹18厘木板，底封优质银色防水胶膜及焊接槽形加强筋；柜身、趟门、层板釆用 1.0mm不锈钢板，∅50*1.0mm不锈钢圆管作脚架,配全钢可调节子弹脚。2.尺寸规格： 1800*800*800","2017年","个",2,3861.03,{"v":7722.06,"d":"7,722.06"},"闲置"]
[7,"011501009002","双通道打荷台 ","1.面板釆用1.2mm不锈钢板制作，中间夹18厘木板，底封优质银色防水胶膜及焊接槽形加强筋；柜身、趟门、层板采用 1.0mm不锈钢板，∅50*1.0mm不锈钢圆管作脚架,配全钢可调节子弹脚。2.尺寸规格：800*800*800","2017年","个",1,1881.01,{"v":1881.01,"d":"1,881.01"},"闲置"]
[8,"030702003005","不锈钢板四层层架（饭盆架） ","1.支柱采用∅38mm*1.2不锈钢圆管制作，框架采用38*25*1.2mm不锈钢方管制作，层板釆用1.2mm不锈钢板制作，配全钢可调节脚。2.尺寸规格：1500*500*1500","2017年","个",1,1408.29,{"v":1408.29,"d":"1,408.29"},"闲置"]
[9,"031006015002","四门高身雪柜 ","1.温度范围：-18°C〜0°C 2.制冷方式：风冷，采用 SUS304不锈钢柜体，配置进口压缩机组，铜管冷凝器，环保制冷剂，回归铰链门。3.尺度规格：1220*760*1950","2017年","台",3,5445.04,{"v":16335.12,"d":"16,335.12"},"闲置"]
[10,"031004004001","大单星盆（洗米盆） ","1.L沥水面板采用L 2皿不锈钢板 面板，焊接不锈钢盆，① 38*1. 0颇不锈钢圆管作脚架，横 通采用①32*1. 0mm不锈钢圆管， 配可调节子弹脚。2.含水龙头 、存水弯等配件。3.规格：900*700*950","2017年","组",2,1359.92,{"v":2719.84,"d":"2,719.84"},"闲置"]
[11,"031004004002","大单星盆 ","1.沥水面板釆用1.2mm不锈钢板面板，焊接不锈钢盆，∅38*1.0mm不锈钢圆管作脚架，横通采用∅32*1.0mm不锈钢圆管， 配可调节子弹脚 2.含水龙头 、存水弯等配件 3.尺寸规格：900*700*950","2017年","组",6,1359.91,{"v":8159.46,"d":"8,159.46"},"闲置"]
[12,"031004004003","单星盆 ","1 .沥水面板采用1.2mm不锈钢板面板，焊接不锈钢盆，∅38*1.0mm不锈钢圆管作脚架，横通采用∅32*1.0mm不锈钢圆管， 配可调节子弹脚。2.含水龙头 、存水弯等配件.2.尺寸规格：600*760*950","2017年","组",1,1123.35,{"v":1123.35,"d":"1,123.35"},"闲置"]
[13,"031004004004","大单星盆 ","1.沥水面板釆用1.2mm不锈钢板面板，焊接不锈钢盆，∅38*1.0不锈钢圆管作脚架，横通釆用∅32*1.0mm不锈钢圆管， 配可调节子弹脚。2.含水龙头 、存水弯等配件。3.尺寸规格：900*700*95","2017年","组",2,1359.91,{"v":2719.82,"d":"2,719.82"},"闲置"]
[14,"030702003007","不锈钢板四层层架 ","1.支柱采用∅38mm*1.2mm不锈钢圆管制作，框架釆用38*25*1.2mm不锈钢方管制作，层板釆用1.2mm不锈钢板制作，配全钢可调节脚。2.尺寸规格：1500*500*1500","2017年","个",1,1297.34,{"v":1297.34,"d":"1,297.34"},"闲置"]
[15,"030702003010","不锈钢板四层层架 ","1.支柱采用∅38mm*1.2mm不锈钢圆管制作，框架釆用38*25*1.2mm不锈钢方管制作，层板采用1.2mm不锈钢板制作，配全钢可调节脚。2.尺寸规格：1500*500*1500","2017年","个",5,1408.29,{"v":7041.45,"d":"7,041.45"},"闲置"]
[16,"011501009003","双层砧板工作台层","1.面板采用1.5mm不锈钢板制作，中间夹18厘木板，底封银色高级防水膜；下层板采用1.2mm不锈钢板，∅50*1.2mm不锈钢圆管作脚架，配全钢可调节脚 。2.尺寸规格:1800*800*800","2017年","个",3,1782.01,{"v":5346.03,"d":"5,346.03"},"闲置"]
[17,"011501009006","双层砧板工作台层","1.面板釆用1.5mm不锈钢板，中间夹18厘木板，底封银色高级防水膜；下层板采用1.2mm不锈钢板，∅50*1.2mm不锈钢圆管作脚架，配全钢可调节脚。2.尺寸规格：1500*700^800","2017年","个",1,1782.01,{"v":1782.01,"d":"1,782.01"},"闲置"]
[18,"031007006004","双头煮面炉连保","1.面板釆用1.5mm不锈钢板制作，背板及侧板釆用1.2mm不锈钢板制作，配470*350*300的煮面鐣，每个面鐣装三条 3KW/220V发热管及温控开关， 配排水阀及安全电流接触器； 炉面配三个保温支鐣，∅50*1.2mm不锈钢圆管制脚架， 配全钢可调节脚。2.尺寸规格： 温料格 1600*760*950","2017年","台",1,6828.65,{"v":6828.65,"d":"6,828.65"},"闲置"]
[19,"031006015003","平台保鲜雪柜","1.温度范围：-5°C〜10°C 2.制冷方式：风冷，釆用 SUS304不锈钢柜体，配置进口压缩机组，铜管冷凝器，环保制冷剂，回归铰链门。","2017年","台",1,6435.05,{"v":6435.05,"d":"6,435.05"},"闲置"]
[20,"031006013001","双层四盆电烤箱 ","1.L功率：13KW/380V,采用优质不锈钢材质制作，双玻璃视窗， 数显定时器报警装置，数控温度表，加大炉膛。2.尺寸规格：1350*955*1310","2017年","台",1,4950.04,{"v":4950.04,"d":"4,950.04"},"闲置"]
[21,"031006013002","发酵箱 ","1.功率:2.5KW/220V,采用优质不锈钢材质制作。2.尺寸规格：610*870*995","2017年","台",1,2970.02,{"v":2970.02,"d":"2,970.02"},"闲置"]
[22,"031007006005","烙饼机","1.型号：LB550,功率： 5KW/220V,全不锈钢机身、恒温装置。","2017年","台",1,2791.62,{"v":2791.62,"d":"2,791.62"},"闲置"]
[23,"030702003008","不锈钢板15层层饼架","1.支架釆用30*30mm不锈钢管制作,疏格层板采用1.0mm不锈钢板制作，配4个胶轮。","2017年","个",1,1161.49,{"v":1161.49,"d":"1,161.49"},"闲置"]
[24,"031006012003","单门蒸包炉","1.豪华型，型号:DMD-PH-8,盆数：8盆，功率：9KW/380V,可供人数:250^300人，双层不锈钢，聚胺脂发泡，自动入水。","2017年","台",1,3168.02,{"v":3168.02,"d":"3,168.02"},"闲置"]
[25,"030206001004","面点间油烟罩 ","1.面板采用1.5mm不锈钢板制作，侧板、前板和背板采用1.0mm不锈钢板制作。2.尺寸规格：4100^1100*650","2017年","米",4.1,1287.01,{"v":5276.74,"d":"5,276.74"},"闲置"]
[26,"031006012004","煮豆浆炉","1.功率:6KW/380V,釆用优质不锈钢制造。","2017年","台",1,3861.03,{"v":3861.03,"d":"3,861.03"},"闲置"]
[27,"031006012005","豆浆机 ","1.功率:0.75KW/220V, 35kg/h,全不锈钢机身。2.尺寸规格：480*390*900","2017年","台",1,2475.02,{"v":2475.02,"d":"2,475.02"},"闲置"]
[28,"031006012006","高速压面机 ","1.功率:1. 5KW/380V,滚筒转速：140转/分，线速度：1.1米/ 秒，调节厚度：1-18mm滚筒长度：300mm,采用经皮带轮减速后链条传动，结构紧凑，操作方便，动力强劲。2.尺寸规格：600*750*1120","2017年","台",1,3281.88,{"v":3281.88,"d":"3,281.88"},"闲置"]
[29,"031006012007","多功能搅拌机 ","1.功率：1.5KW/38OV。2.尺寸规格：435*450*20","2017年","台",1,4250.1,{"v":4250.1,"d":"4,250.10"},"闲置"]
[30,"011501009004","案板台 ","1.面板采用不锈钢板，中间釆用100mm优质松木制作，横通釆用#38*25mm管制作，配加强筋， 38*1.2不锈钢管制作脚，配全钢可调节子弹脚。2.尺寸规格：1800*800*800","2017年","个",1,1960.22,{"v":1960.22,"d":"1,960.22"},"闲置"]
[31,"011501009005","糖粉车 ","1.釆用∳ =1.0mm不锈钢板制 作，配可4个4\"聚胺脂轮。2.尺寸规格：500*500*500","2017年","个",2,792.01,{"v":1584.02,"d":"1,584.02"},"闲置"]
[32,"031006015004","四门高身雪柜 ","1.温度范围：'-18°C〜0°C 2.制冷方式；风冷，采用 SUS304不锈钢柜体，配置进口压缩机组，铜管冷凝器，环保制冷剂，回归钗链门。2.尺寸规格：1220*760*1950","2017年","台",1,5445.04,{"v":5445.04,"d":"5,445.04"},"闲置"]
[33,"031006012008","不锈钢烤鸭炉","1.全不锈钢制作","2017年","台",1,3465.03,{"v":3465.03,"d":"3,465.03"},"闲置"]
[34,"030206001005","烤鸭间抽烟罩 ","1.面板釆用1.5不锈钢板制作，侧板、前板和背板采用1.0 mm不锈钢板制作。2.尺寸规格：2300*1100*650","2017年","米",2.3,1287.01,{"v":2960.12,"d":"2,960.12"},"闲置"]
[35,"0H50I009007","单孔收糠台 ","1.面板釆用1.2mm不锈钢板制作，其它釆用1.0mm不锈钢板，∅38*1. 2mm不锈钢管制脚架，配可调节子弹脚。2.尺寸规格：1600*700*950","2017年","个",1,1663.21,{"v":1663.21,"d":"1,663.21"},"闲置"]
[36,"031006013003","四门碗柜 ","1.面板及柜身采用不锈钢板，侧板及层板1.0mm不锈钢板制作；支撑脚采用∅50不锈钢圆管；配全钢可调节子弹脚。2.尺寸规格：1200*470*800","2017年","台",1,3217.52,{"v":3217.52,"d":"3,217.52"},"闲置"]
[37,"030412005001","灭绳灯","1.功率:40W/220V","2017年","套",6,150.27,901.62,"闲置"]
[38,"031006012009","电热幵水器","1.缺水自动断电保护，内置可视水位窗口，功率:6KW/380V, 全304不锈钢内外箱，挂墙架采用304不锈钢制造","2017年","台",2,1637.65,{"v":3275.3,"d":"3,275.30"},"闲置"]
[39,"031004014001","高压洗地头","1.型号:LB-2255G(15M）低碳钢材喷涂/封闭式。","2017年","组",2,2146.65,{"v":4293.3,"d":"4,293.30"},"闲置"]
[40,"011501009009","领餐工作台 ","1.面板采用1.5mm不锈钢板制作，中间夹18厘木板，底封银色高级防水膜；下层板采用1.2mm不锈钢板，∅50*L2mm不锈钢圆管作脚架，配全钢可调节脚。2.尺寸规格：1800*700*800","2017年","个",1,1782.01,{"v":1782.01,"d":"1,782.01"},"闲置"]
[41,"031006012010","水果沙拉柜","1.温度范围：'0℃〜10℃,制 冷方式：风冷，釆用SUS304不锈钢柜体，配置进口压缩机组，铜管冷凝器，环保制冷剂，回归钗铰链门，带玻璃上架，可调节子弹脚。","2017年","台",1,4851.04,{"v":4851.04,"d":"4,851.04"},"闲置"]
[42,"031006012011","自助保温柜","1.面板釆用1.2mm不锈钢板制作，水池采用304#δ=1.0mm不锈钢板制作，配4套 l/l*150m份数盆, 2*1.5KW/220V发热管，自动恒温控系统，带玻璃上架，可调节子弹脚。","2017年","台",1,4801.54,{"v":4801.54,"d":"4,801.54"},"闲置"]
[43,"011501010001","不锈钢吊柜","1.釆用1.2mm不锈钢板制作，趟门配上导轨。2.尺寸规格： 1800*350*600","2017年","m2",1.8,1980.02,{"v":3564.04,"d":"3,564.04"},"闲置"]
[44,"011501010002","不锈钢吊柜 ","1.采用1.2mm不锈钢板制作，趟门配上导轨。2.尺寸规格：1800*350*600","2017年","m2",1,1980.02,{"v":1980.02,"d":"1,980.02"},"闲置"]
[45,null,"3层不锈钢收餐车","尺寸规格：1.2*0.45","2017年","辆",2,null,null,"闲置，无账面价值",350]
[46,null,"3层塑胶收餐车","尺寸规格：1.2*0.45","2017年","辆",1,null,null,"闲置，无账面价值",250]
[47,null,"不锈钢烧腊架","尺寸规格：1.5*1.6*0.45","2017年","个",1,null,null,"闲置，无账面价值"]
[48,"030413001001","零星配件","锅架、调味架、刀架、垃圾 桶等零星配件","2017年","项",1,1980.02,{"$f":"ROUND(G53*H53,2)","v":{"v":1980.02,"d":"1,980.02"}},"闲置"]
["合计",{"$nulls":5},{"$f":"SUM(G6:G53)","v":85.07},156967.83,{"$f":"SUM(I6:I53)","v":{"v":187242.93,"d":"187,242.93"}}]

{"sheet":"Sheet2","index":1,"n_rows":0,"n_cols":0,"rows_kept":0}